Breakfast Foods by Picture - Statistics

General Stats
  • This quiz has been taken 550 times
  • The average score is 13 of 15
Answer Stats
Picture Answer % Correct
Bacon
99%
Pancakes
98%
Toast
97%
Waffle
97%
Bagel
95%
Muffin
95%
Smoothie
95%
Orange Juice
94%
French Toast
92%
Scrambled Eggs
92%
Yogurt
91%
Hashbrown
88%
Oatmeal
88%
Eggs Benedict
67%
Biscuits and Gravy
52%
No matching quizzes found
Score Distribution
Percent of People with Each Score
Percentile by Number Answered
Your Score History
You have not taken this quiz